000 003820000a22001090004500
773 0 _tPaso a Paso
100 1 _aEngle, Patricia
245 1 0 _aCuidado temprano de los niños
300 _aVol.0, núm.72 (Noviembre, 2007), Páginas 1-3
500 _aLa importancia del cuidado, El cuidado emocional y la estimulación, Nutrición saludable, Cuidados para los cuidadores
942 _cANA
999 _c62488
_d62488